<?xml version="1.0" encoding="UTF-8"?>
<collection xmlns="http://www.loc.gov/MARC21/slim">
 <record>
  <leader>00318pamaa2200097   4500</leader>
  <controlfield tag="001">0000018207</controlfield>
  <controlfield tag="005">20090504090000.0</controlfield>
  <datafield tag="020" ind1="0" ind2="0">
   <subfield code="a">[  NIL  ] </subfield>
  </datafield>
  <datafield tag="090" ind1="0" ind2="0">
   <subfield code="a">PE1128.A2 </subfield>
   <subfield code="b">SPE 1999</subfield>
  </datafield>
  <datafield tag="245" ind1="0" ind2="0">
   <subfield code="a">SPEAK-UP : </subfield>
   <subfield code="b">the newsmagazine for your English : </subfield>
   <subfield code="b">the newsmagazine for your English : </subfield>
   <subfield code="b">1999 April [</subfield>
   <subfield code="m">audiocassette].</subfield>
  </datafield>
  <datafield tag="300" ind1=" " ind2=" ">
   <subfield code="a">Accompany with magazine.</subfield>
  </datafield>
 </record>
</collection>
